[Event "Erfurt Young Masters 2017"]
[Site "Erfurt"]
[Date "2017.08.03"]
[Round "7"]
[White "Pourkashiyan, Atousa"]
[Black "Brunello, Marina"]
[Result "1/2-1/2"]
[WhiteElo "2289"]
[BlackElo "2367"]
[Annotator "TA"]
[PlyCount "120"]
[EventDate "2017.??.??"]
[EventType "tourn"]
[EventCountry "GER"]
[SourceTitle "playchess.com"]
[Source "ChessBase"]
[SourceQuality "1"]

{[%evp 28,120,19,19,28,8,12,7,36,35,40,34,52,13,54,0,0,0,0,0,0,-54,0,-65,0,0,0,0,0,0,0,0,0,0,0,0,0,0,0,0,0,0,0,0,0,0,0,0,0,0,0,0,0,0,0,0,0,0,0,0,0,0,0,0,0,0,0,0,0,0,0,0,0,-99,0,0,0,0,0,0,0,0,0,0,0,0,0,0,0,0,0,0,0,0,0]} 1. e4 c5 2. Nf3 d6 3. d4 cxd4 4. Nxd4 Nf6 5. Nc3 a6 6. Be2 e5 7. Nb3 Be7 8. Be3 Be6 9. Nd5 Nbd7 10. Qd3 Bxd5 11. exd5 O-O 12. O-O Nc5 13. Nxc5 {B92: Sicilian Najdorf: 6 Be2} dxc5 14. c4 (14. Bf3 Bd6 15. Rfe1 Ne8 16. g3 f5 17. Bg2 Qc7 18. c4 e4 19. Qd2 Nf6 20. Bg5 h6 21. Bxf6 Rxf6 {0-1 (64) Stefansson,H (2574)-Papaioannou,I (2631) Baku 2016}) 14... e4 15. Qd2 {LiveBook: 6 Games} Qc7 16. Rac1 Bd6 17. g3 a5 $146 ({Find the theoretical novelty and annotate with similar games:} 17... Rae8 18. Kg2 b6 19. f4 exf3+ 20. Bxf3 Re7 {½-½ (42) Popilski,G (2492)-Tate,A (2321) Caleta 2014}) 18. f4 exf3 19. Bxf3 Rae8 20. Bf4 Ne4 21. Bxd6 (21. Bxe4 $1 $14 Rxe4 22. Bxd6 Qxd6 23. Rfe1 (23. Qxa5 Re2 $11) 23... Rxe1+ 24. Rxe1) 21... Nxd6 $11 22. Qf4 Re7 23. Rf2 Rfe8 24. Rcf1 (24. Rcc2 $11) 24... Re1 ({Better is} 24... Re3 $15) 25. Kg2 (25. Rxe1 $11 Rxe1+ 26. Rf1 Rxf1+ 27. Kxf1) 25... R8e5 ({Black should try} 25... R1e3 $15) 26. Rxe1 Rxe1 27. Re2 (27. Qd2 $5 {[%cal Rd2e1]} Re5 28. b3 $14) 27... Rxe2+ $1 28. Bxe2 Qe7 29. Bd3 b6 30. h4 g6 {[%cal Bg7g6,Bg6g5][%mdl 32]} 31. g4 Kg7 32. h5 g5 33. h6+ Kg8 34. Qf3 Qe5 35. b3 Qb2+ 36. Kh3 Qd4 37. Bc2 Qa1 38. Kg2 Qd4 39. Kf1 Qa1+ 40. Ke2 Qd4 ({Stronger than} 40... Qxa2 41. Qc3 $16) 41. Kf1 Qa1+ 42. Kg2 Qd4 43. Bd3 Qa1 44. Qf2 (44. a3 $5) 44... Qe5 45. Bb1 Ne8 46. Bf5 Nd6 47. Bb1 Ne8 48. Qd2 Qf6 49. Qd3 (49. Qe1 {keeps more tension.} Kf8 50. Bf5 Qxh6 51. Bd7 Nf6 52. Bf5) 49... Qxh6 50. Qf5 {[#]} (50. Qe4 $1 $11 Kf8 51. Qxh7) 50... Kf8 (50... Qg7 $1 $17) 51. Qxh7 {The position is equal.} Qxh7 52. Bxh7 {[%mdl 4096] Endgame KB-KN} Kg7 53. Bd3 Kf6 54. Kf3 Ke5 55. Ke3 Nf6 56. Bf5 Ne8 57. Bd7 Nd6 58. a3 f6 59. a4 Ne4 60. Bf5 Nd6 {Precision: White = 60%, Black = 78%.} 1/2-1/2

[Event "Erfurt Young Masters 2017"]
[Site "Erfurt"]
[Date "2017.08.03"]
[Round "7"]
[White "Osmanodja, Filiz"]
[Black "Schneider, Jana"]
[Result "0-1"]
[WhiteElo "2273"]
[BlackElo "2258"]
[Annotator "TA"]
[PlyCount "68"]
[EventDate "2017.??.??"]
[EventType "tourn"]
[EventCountry "GER"]
[SourceTitle "playchess.com"]
[Source "ChessBase"]
[SourceQuality "1"]

{[%evp 20,68,19,-18,3,0,-8,-16,6,-47,-48,-60,-38,-90,0,-109,-106,-100,-109,-102,-106,-293,-277,-299,-270,-288,-305,-285,-270,-245,-28,-500,0,-147,0,-652,-639,-598,-559,-1017,-1015,-992,-991,-970,-941,-7472,-12445,-5481,-5385,-29989,-29990]} 1. e4 {[%cal Be2e4,Be4e5][%mdl 32]} e6 2. d4 d5 3. Nc3 Nf6 4. e5 Nfd7 5. f4 c5 6. Nf3 Be7 7. Be3 Nc6 8. dxc5 Nxc5 9. Qd2 O-O 10. O-O-O a6 11. Nd4 Bd7 {C11: French: Classical System: 4 e5 and 4 Bg5 dxe4} (11... Qc7 12. Kb1 b5 13. Nxc6 Qxc6 14. Bd3 b4 15. Ne2 a5 16. Nd4 Qc7 17. Rc1 Bd7 18. c4 Nxd3 19. Qxd3 {0-1 (42) Alonso,S (2501)-Peralta,F (2560) Buenos Aires 2015}) 12. Qf2 {Hoping for Nxc6.} Qa5 13. Kb1 Rfc8 {The position is equal.} 14. g4 $146 ({Better is} 14. Nb3 $11 Nxb3 15. cxb3) ({Find the theoretical novelty and annotate with similar games:} 14. f5 Nxe5 15. Qg3 Bf6 16. Nf3 Nc6 17. Bh6 {0-1 (63) Nadasi,B (2145)-Gasparics,A (1990) Budapest 2013}) 14... b5 {White must now prevent ...Nxd4.} 15. Nb3 Nxb3 16. cxb3 {[#]} (16. axb3 $15 Rab8 17. Na2) 16... Rab8 (16... d4 $1 $17 {[%cal Rd4e3][%mdl 512]} 17. Bxd4 Nxd4) 17. h4 {[#]} (17. Be2 $11 {keeps the balance.}) 17... d4 $1 $17 {[%cal Rd4e3][%mdl 512]} 18. Bxd4 Nxd4 19. Qxd4 Bc6 20. Rh3 $2 (20. Bd3 $17 {might work better.}) 20... Rd8 $19 21. Qa7 b4 22. Qxe7 bxc3 23. Rxd8+ Rxd8 24. Bd3 {[#]} cxb2 $2 (24... c2+ $1 $19 {[%mdl 512]} 25. Kxc2 Rc8) 25. Kxb2 $2 {[%mdl 8192] [#]} (25. Bc2 $11 {and White stays safe.}) 25... Rc8 $2 $40 {[%mdl 128] Black has some attack.} (25... Bg2 $1 $19 {[%cal Rg2h3]} 26. b4 Qb6) 26. Bc2 (26. Rh2 $1 $11 Bg2 27. Rxg2 Qc3+ 28. Ka3 Qa5+ 29. Kb2 Qc3+ 30. Ka3 Qa5+ 31. Kb2) 26... Bf3 (26... Bd5 $17 {aiming for ...Qd2.} 27. Rd3 {[#]} h5 $1 {[%mdl 512]} 28. gxh5 Be4) 27. Rxf3 $4 {[%mdl 8192]} (27. b4 $11 Rxc2+ 28. Kxc2 Qxa2+ 29. Kc3 Qa1+ 30. Kb3 Qd1+ 31. Kb2) 27... Qd2 28. Ka3 {Threatens to win with Rd3.} Qc1+ 29. Ka4 Qxc2 30. Ka3 Qc1+ 31. Kb4 Rb8+ 32. Ka5 Qd2+ 33. Ka4 a5 34. a3 Qd5 {Precision: White = 22%, Black = 49%.} 0-1

[Event "Erfurt Young Masters 2017"]
[Site "Erfurt"]
[Date "2017.08.04"]
[Round "8"]
[White "Brunello, Marina"]
[Black "Bulmaga, Irina"]
[Result "1/2-1/2"]
[WhiteElo "2367"]
[BlackElo "2412"]
[Annotator "TA"]
[PlyCount "64"]
[EventDate "2017.??.??"]
[EventType "tourn"]
[EventCountry "GER"]
[SourceTitle "playchess.com"]
[Source "ChessBase"]
[SourceQuality "1"]

{[%evp 22,64,46,45,39,33,50,27,70,64,64,49,50,41,86,80,89,81,83,70,95,90,85,85,95,93,89,53,265,125,138,104,106,97,103,0,106,104,106,0,91,0,106,0,91]} 1. e4 e5 2. Nf3 Nc6 3. Bc4 Nf6 4. d3 Be7 5. O-O O-O 6. c3 d6 7. h3 a6 8. Bb3 Na5 9. Bc2 c5 10. d4 Qc7 11. d5 b5 12. Qe2 Nd7 {C86: Closed Ruy Lopez: Worrall Attack} (12... c4 13. Kh2 Nb7 14. Rg1 Nc5 15. b4 cxb3 16. axb3 Bd7 17. b4 Nb7 18. Bd3 Rfc8 19. Bd2 g6 20. g4 Nd8 {1-0 (41) Delgado Ramirez,N (2603)-Perdomo,L (2462) Brasilia 2017}) 13. b3 Nb6 14. Bd2 $146 (14. c4 $5) ({Predecessor:} 14. g4 h5 15. Nh2 hxg4 16. hxg4 g5 17. Kg2 Kg7 18. Rh1 Rh8 {½-½ (27) Handel,H-Loeh,G Sweden 1988}) 14... Nb7 {White has an edge.} 15. c4 b4 16. a3 a5 17. a4 f5 18. exf5 $1 Bxf5 19. Bxf5 Rxf5 20. Qe4 $36 {[%mdl 2048] White has some pressure.} Raf8 21. Be3 Qc8 22. Nbd2 Nd7 23. Qc2 Nd8 24. Ne4 {Strongly threatening Bg5.} h6 $2 {[#]} ({Black should play} 24... Nf6 $14) 25. Nfd2 (25. Nh4 $1 $18 {[%cal Rh4f5][%mdl 512] is the precise move to win.} R5f7 (25... Bxh4 26. Nxd6) 26. Ng6) 25... Nb7 26. Ng3 R5f7 27. Nh5 Nf6 28. Ng3 ({Better is} 28. Nxf6+ $16 Rxf6 29. Ne4) 28... Nh7 (28... Nd7 $1 $11) 29. Qg6 $16 Rf6 30. Qc2 R6f7 $1 31. Qg6 Rf6 $1 {[%cal Rf6g6]} 32. Qc2 R6f7 $1 {Precision: White = 52%, Black = 47%.} 1/2-1/2

[Event "Erfurt Young Masters 2017"]
[Site "Erfurt"]
[Date "2017.08.04"]
[Round "8"]
[White "Sieber, Fiona"]
[Black "Heinemann, Josefine"]
[Result "1-0"]
[WhiteElo "2287"]
[BlackElo "2294"]
[Annotator "ChessBase"]
[PlyCount "71"]
[EventDate "2017.??.??"]
[EventType "tourn"]
[EventCountry "GER"]
[SourceTitle "playchess.com"]
[Source "ChessBase"]
[SourceQuality "1"]
[TimeControl "40/5400+30:900+30"]

1. e4 {[%emt 0:00:00]} c5 {[%emt 0:00:03]} 2. Nf3 {[%emt 0:00:00]} d6 {[%emt 0:00:03]} 3. d4 {[%emt 0:00:00]} cxd4 {[%emt 0:00:03]} 4. Nxd4 {[%emt 0:00:00]} Nf6 {[%emt 0:00:04]} 5. Nc3 {[%emt 0:00:00]} a6 {[%emt 0:00:03]} 6. Be3 {[%emt 0:00:00]} e5 {[%emt 0:00:04]} 7. Nb3 {[%emt 0:00:00]} Be6 {[%emt 0:00:17]} 8. Qd2 {[%emt 0:00:02]} Nbd7 {[%emt 0:00:05]} 9. f3 {[%emt 0:00:07]} h5 {[%emt 0:00:18]} 10. O-O-O {[%emt 0:00:57]} Be7 {[%emt 0:00:07]} 11. Kb1 {[%emt 0:01:31]} Rc8 {[%emt 0:00:50]} 12. Bd3 {[%emt 0:04:08]} b5 {[%emt 0:00:20]} 13. f4 {[%emt 0:07:12]} Nb6 {[%emt 0:10:50]} 14. h3 {[%emt 0:23:10]} Qc7 {[%emt 0:07:09]} 15. g4 {[%emt 0:21:48]} b4 {[%emt 0:11:36]} 16. Bxb6 {[%emt 0:04:21]} Qxb6 {[%emt 0:00:08]} 17. Nd5 {[%emt 0:03:48]} Bxd5 {[%emt 0:08:10]} 18. exd5 {[%emt 0:00:05]} e4 {[%emt 0:04:34]} 19. Be2 {[%emt 0:00:37]} a5 {[%emt 0:04:47]} 20. g5 {[%emt 0:01:24]} Nd7 {[%emt 0:00:05]} 21. Qd4 {[%emt 0:00:49]} Qc7 {[%emt 0:10:02]} 22. Qxg7 {[%emt 0:01:52]} Rf8 {[%emt 0:00:46]} 23. Nd4 {[%emt 0:00:22]} a4 {[%emt 0:02:19]} 24. Bxh5 {[%emt 0:06:43]} a3 {[%emt 0:01:08]} 25. g6 {[%emt 0:03:04]} Bf6 {[%emt 0:00:42]} 26. gxf7+ {[%emt 0:00:10]} Ke7 {[%emt 0:00:27]} 27. Qg4 {[%emt 0:00:43]} Qc5 {[%emt 0:03:39]} 28. Qe6+ {[%emt 0:01:51]} Kd8 {[%emt 0:00:04]} 29. Qe8+ {[%emt 0:00:13]} Kc7 {[%emt 0:00:46]} 30. Ne6+ {[%emt 0:00:13]} Kb6 {[%emt 0:00:19]} 31. Nxc5 {[%emt 0:00:56]} Nxc5 {[%emt 0:00:04]} 32. Rhe1 {[%emt 0:03:16]} Bxb2 {[%emt 0:00:09]} 33. Rxe4 {[%emt 0:01:02]} Rcxe8 {[%emt 0:00:14]} 34. fxe8=Q {[%emt 0:00:34]} Rxe8 {[%emt 0:00:02]} 35. Rxe8 {[%emt 0:00:12]} Na4 {[%emt 0:00:04]} 36. Rd3 {[%emt 0:00:26]} 1-0

[Event "Erfurt Young Masters 2017"]
[Site "Erfurt"]
[Date "2017.08.04"]
[Round "8"]
[White "Osmanodja, Filiz"]
[Black "Szczepkowska-Horowska, Karina"]
[Result "1-0"]
[WhiteElo "2273"]
[BlackElo "2396"]
[Annotator "ChessBase"]
[PlyCount "55"]
[EventDate "2017.??.??"]
[EventType "tourn"]
[EventCountry "GER"]
[SourceTitle "playchess.com"]
[Source "ChessBase"]
[SourceQuality "1"]
[TimeControl "40/5400+30:900+30"]

1. e4 {[%emt 0:05:59]} e5 {[%emt 0:01:51]} 2. Nf3 {[%emt 0:00:06]} Nc6 {[%emt 0:00:05]} 3. Bb5 {[%emt 0:00:02]} a6 {[%emt 0:00:06]} 4. Ba4 {[%emt 0:00:01]} Nf6 {[%emt 0:00:07]} 5. d4 {[%emt 0:00:18]} exd4 {[%emt 0:02:38]} 6. O-O {[%emt 0:00:41]} b5 {[%emt 0:04:59]} 7. Bb3 {[%emt 0:00:14]} d6 {[%emt 0:06:20]} 8. Ng5 {[%emt 0:12:53]} Ne5 {[%emt 0:01:15]} 9. f4 {[%emt 0:02:24]} Nc4 {[%emt 0:01:14]} 10. e5 {[%emt 0:16:04]} dxe5 {[%emt 0:16:03]} 11. fxe5 {[%emt 0:05:04]} h6 {[%emt 0:00:07]} 12. exf6 {[%emt 0:05:09]} hxg5 {[%emt 0:00:12]} 13. Qf3 {[%emt 0:11:00]} gxf6 {[%emt 0:08:37]} 14. Qxa8 {[%emt 0:12:31]} Bd6 {[%emt 0:00:06]} 15. g3 {[%emt 0:01:48]} Ne5 {[%emt 0:06:51]} 16. Nd2 {[%emt 0:03:08]} d3 {[%emt 0:10:54]} 17. Ne4 {[%emt 0:03:50]} Be7 {[%emt 0:02:16]} 18. Be3 {[%emt 0:08:57]} Ng4 {[%emt 0:04:01]} 19. Nxg5 {[%emt 0:02:11]} Nxe3 {[%emt 0:06:50]} 20. Nxf7 {[%emt 0:00:02]} Qd7 {[%emt 0:05:55]} 21. Nxh8 {[%emt 0:00:43]} Nxf1 {[%emt 0:01:07]} 22. Rxf1 {[%emt 0:01:35]} c6 {[%emt 0:00:25]} 23. cxd3 {[%emt 0:03:29]} Bc5+ {[%emt 0:01:18]} 24. Kh1 {[%emt 0:00:01]} Kd8 {[%emt 0:00:17]} 25. Qb8 {[%emt 0:00:12]} Qh3 {[%emt 0:04:41]} 26. Nf7+ {[%emt 0:00:52]} Ke7 {[%emt 0:01:47]} 27. Re1+ {[%emt 0:00:18]} Kf8 {[%emt 0:00:31]} 28. Be6 {[%emt 0:01:05]} 1-0

[Event "Erfurt Young Masters 2017"]
[Site "Erfurt"]
[Date "2017.08.04"]
[Round "8"]
[White "Schneider, Jana"]
[Black "Hoolt, Sarah"]
[Result "1-0"]
[WhiteElo "2258"]
[BlackElo "2439"]
[Annotator "TA"]
[PlyCount "75"]
[EventDate "2017.??.??"]
[EventType "tourn"]
[EventCountry "GER"]
[SourceTitle "playchess.com"]
[Source "ChessBase"]
[SourceQuality "1"]

{[%evp 13,75,23,14,12,17,15,17,-20,0,-36,-34,-27,-26,-40,0,0,10,2,109,114,115,112,118,122,173,178,168,170,173,120,203,217,211,213,210,203,191,200,183,183,199,193,174,0,0,0,0,0,0,0,0,0,0,0,8,0,13,12,1108,1094,29991,29992,29993,29994]} 1. e4 c5 2. Nf3 e6 3. g3 b6 4. Bg2 Bb7 5. Qe2 Nf6 {[%cal Bg8f6,Bf6d5,Bd5c3][%mdl 32]} 6. e5 {B40: Sicilian: 2...e6, Unusual lines} Nd5 7. O-O Nc6 {LiveBook: 3 Games} 8. Rd1 {The position is equal.} Qc7 9. Nc3 $146 ({Find the theoretical novelty and annotate with similar games:} 9. Na3 a6 10. c3 b5 11. Nc2 {½-½ (65) Iordachescu,V (2587)-Fedorchuk,S (2655) Konya 2014}) 9... Nxc3 $1 10. bxc3 Rc8 11. Ba3 d5 12. exd6 Bxd6 13. d4 O-O 14. dxc5 bxc5 15. Ng5 {And now Qd3 would win.} Be7 {[#]} (15... Rfd8 $11) 16. Nxe6 $1 $16 {[%mdl 512]} fxe6 17. Qxe6+ Kh8 18. Rd7 Qa5 (18... Qb6 $16) 19. Rxb7 $18 Qxa3 20. Bxc6 Qxc3 21. Re1 (21. Rf1 $18 Bf6 22. Rxa7) 21... Bf6 {[#]} (21... Bd6 $16 {is a better defense.}) 22. Re2 $1 a5 23. Be4 {Threatening mate with Qf5.} Qe5 24. Qh3 {[%csl Ge4][%cal Rh3h7]} h6 25. Bd3 Qd5 26. Qg4 Bd4 ({Weaker is} 26... Qxb7 27. Qg6 Qb1+ 28. Kg2 Qb7+ 29. f3 Qxf3+ 30. Kxf3 Be5+ 31. Kg4) 27. Qg6 {[%csl Gd3][%cal Rg6h7]} Qg8 28. g4 $2 ({Better is} 28. Re6 $18 {White threatens Qxh6+! and mate.} Rf6 29. Rxf6 Bxf6 30. Kg2) 28... Rf6 $1 $11 {[%cal Rf6g6]} 29. Qe4 Rcf8 30. Re7 Rf4 31. Qg6 {Threatens to win with Bf5.} R4f6 32. Qh5 Bxf2+ 33. Kg2 $1 Bd4 $132 {[%mdl 2048] Black puts up resistance} 34. c4 Rf1 {( -> ...Rg1+)} 35. Bf5 {[#]} Rg1+ $2 {[%mdl 8192]} (35... R8xf5 $1 $11 {[%mdl 512]} 36. gxf5 Rg1+ 37. Kh3 Qxc4) 36. Kh3 $18 Qxc4 37. Qg6 {[%csl Gf5][%cal Rg6h7]} Qg8 38. Re8 {Precision: White = 75%, Black = 51%.} 1-0

[Event "Erfurt Young Masters 2017"]
[Site "Erfurt"]
[Date "2017.08.04"]
[Round "8"]
[White "Rogozenco, Teodora"]
[Black "Pourkashiyan, Atousa"]
[Result "0-1"]
[WhiteElo "2169"]
[BlackElo "2289"]
[Annotator "ChessBase"]
[PlyCount "68"]
[EventDate "2017.??.??"]
[EventType "tourn"]
[EventCountry "GER"]
[SourceTitle "playchess.com"]
[Source "ChessBase"]
[SourceQuality "1"]
[TimeControl "40/5400+30:900+30"]

1. d4 {[%emt 0:00:00]} Nf6 {[%emt 0:02:59]} 2. c4 {[%emt 0:00:00]} e6 {[%emt 0:00:04]} 3. Nc3 {[%emt 0:00:00]} Bb4 {[%emt 0:00:04]} 4. Qc2 {[%emt 0:00:00]} d6 {[%emt 0:00:06]} 5. Nf3 {[%emt 0:00:14]} Nbd7 {[%emt 0:00:27]} 6. g3 {[%emt 0:05:52]} b6 {[%emt 0:01:44]} 7. Bg2 {[%emt 0:00:26]} Bb7 {[%emt 0:00:15]} 8. O-O {[%emt 0:00:06]} Bxc3 {[%emt 0:06:55]} 9. Qxc3 {[%emt 0:00:15]} O-O {[%emt 0:05:56]} 10. b3 {[%emt 0:01:08]} Qe7 {[%emt 0:04:41]} 11. Bb2 {[%emt 0:02:40]} Ne4 {[%emt 0:03:38]} 12. Qc2 {[%emt 0:00:43]} f5 {[%emt 0:01:03]} 13. Ne1 {[%emt 0:01:26]} a5 {[%emt 0:05:03]} 14. a3 {[%emt 0:00:29]} c5 {[%emt 0:06:09]} 15. e3 {[%emt 0:05:17]} Rac8 {[%emt 0:05:28]} 16. Qe2 {[%emt 0:03:36]} Ba6 {[%emt 0:04:21]} 17. a4 {[%emt 0:05:31]} d5 {[%emt 0:07:35]} 18. Bxe4 {[%emt 0:00:50]} fxe4 {[%emt 0:00:38]} 19. Ba3 {[%emt 0:00:07]} Qe8 {[%emt 0:09:15]} 20. Rc1 {[%emt 0:01:28]} Rf6 {[%emt 0:04:56]} 21. f3 {[%emt 0:01:27]} Qh5 {[%emt 0:07:02]} 22. Rf2 {[%emt 0:06:44]} dxc4 {[%emt 0:09:37]} 23. bxc4 {[%emt 0:00:26]} exf3 {[%emt 0:00:48]} 24. Nxf3 {[%emt 0:00:53]} Rcf8 {[%emt 0:06:00]} 25. Nd2 {[%emt 0:12:50]} Qg6 {[%emt 0:02:52]} 26. Rxf6 {[%emt 0:05:26]} Rxf6 {[%emt 0:00:02]} 27. Bb2 {[%emt 0:09:56]} Rf7 {[%emt 0:01:05]} 28. Qg2 {[%emt 0:00:53]} Nf8 {[%emt 0:01:38]} 29. d5 {[%emt 0:06:06]} exd5 {[%emt 0:00:38]} 30. cxd5 {[%emt 0:00:16]} Nd7 {[%emt 0:00:26]} 31. e4 {[%emt 0:00:56]} Qg5 {[%emt 0:00:52]} 32. Re1 {[%emt 0:03:11]} Ne5 {[%emt 0:00:03]} 33. Bc3 {[%emt 0:00:30]} Nd3 {[%emt 0:01:07]} 34. Rf1 {[%emt 0:00:22]} Qe3+ {[%emt 0:00:15]} 0-1

[Event "Erfurt Young Masters 2017"]
[Site "Erfurt"]
[Date "2017.08.04"]
[Round "9"]
[White "Hoolt, Sarah"]
[Black "Brunello, Marina"]
[Result "1/2-1/2"]
[WhiteElo "2449"]
[BlackElo "2340"]
[Annotator "TA"]
[PlyCount "25"]
[EventDate "2017.??.??"]
[EventType "tourn"]
[EventCountry "GER"]
[SourceTitle "playchess.com"]
[Source "ChessBase"]
[SourceQuality "1"]

{[%evp 24,25,48,0]} 1. e4 c5 2. Nf3 Nc6 3. d4 cxd4 4. Nxd4 Nf6 5. Nc3 e5 6. Ndb5 d6 7. Bg5 a6 8. Na3 b5 9. Nd5 Qa5+ $146 ({Predecessor:} 9... Be7 10. Bxf6 Bxf6 11. c3 Rb8 12. Nc2 Bg5 13. a4 bxa4 14. Ncb4 Nxb4 15. cxb4 O-O 16. Rxa4 a5 17. b5 Bd7 18. Nc3 d5 19. Nxd5 Be7 20. Bc4 Bxb5 21. Bxb5 Rxb5 {½-½ (41) Alekseev,E (2607)-Matlakov,M (2730) Sochi 2017}) 10. Bd2 Qd8 11. Bg5 Qa5+ 12. Bd2 Qd8 13. Bg5 {LiveBook: 8529 Games} 1/2-1/2

[Event "Erfurt Young Masters 2017"]
[Site "Erfurt"]
[Date "2017.08.04"]
[Round "9"]
[White "Bulmaga, Irina"]
[Black "Rogozenco, Teodora"]
[Result "1-0"]
[WhiteElo "2415"]
[BlackElo "2162"]
[Annotator "TA"]
[PlyCount "41"]
[EventDate "2017.??.??"]
[EventType "tourn"]
[EventCountry "GER"]
[SourceTitle "playchess.com"]
[Source "ChessBase"]
[SourceQuality "1"]

{[%evp 9,41,24,25,21,32,20,52,57,67,48,41,27,118,136,126,155,128,75,160,153,169,131,183,203,622,613,664,676,864,690,707,668,1443,1403]} 1. e4 e5 2. Nf3 Nc6 3. Bc4 Bc5 4. d3 Nf6 5. O-O a6 (5... O-O 6. h3 d6 7. c3 a5 8. a4 Be6 9. Bxe6 fxe6 10. Nbd2 Qe8 11. Nc4 Qg6 12. Be3 Bxe3 13. Nxe3 Nh5 14. Nh4 Qg5 15. Nf3 {0-1 (49) Malakhov,V (2722)-Ding,L (2781) Danzhou 2017}) 6. a4 {C50: Hungarian Defence and Giuoco Pianissimo} O-O 7. Nbd2 d5 8. exd5 {White is slightly better.} Nxd5 9. Ne4 $146 ({Predecessor:} 9. Re1 f6 10. Ne4 Ba7 11. c3 Kh8 12. a5 Be6 13. Qb3 Rb8 {½-½ (92) Ochsner,B (2428)-Schandorff,L (2511) Denmark 2017}) 9... Ba7 10. c3 (10. b4 $5) 10... h6 {[#]} (10... Kh8 $11 {remains equal.}) 11. Bxh6 $1 $16 {[%mdl 512]} Nxc3 (11... gxh6 12. Bxd5) 12. bxc3 gxh6 13. h3 (13. Re1 $142) 13... Qe7 (13... Kh7 $142) 14. Re1 $36 {[%mdl 2048] White is on the roll.} Be6 15. Ned2 Qc5 (15... b5 $16 {was necessary.}) 16. Bxe6 $18 Qxf2+ $2 (16... fxe6 17. Ne4 Qe7) 17. Kh1 {White is clearly winning.} fxe6 18. Ne4 Qb6 {[#]} 19. a5 $1 {[%mdl 512]} Qb5 (19... Nxa5 20. Nxe5) 20. Nh4 Kh7 21. Qh5 {Precision: White = 80%, Black = 24%.} 1-0

[Event "Erfurt Young Masters 2017"]
[Site "Erfurt"]
[Date "2017.08.04"]
[Round "9"]
[White "Szczepkowska-Horowska, Karina"]
[Black "Schneider, Jana"]
[Result "*"]
[WhiteElo "2396"]
[BlackElo "2275"]
[Annotator "TA"]
[PlyCount "89"]
[EventDate "2017.??.??"]
[EventType "tourn"]
[EventCountry "GER"]
[SourceTitle "playchess.com"]
[Source "ChessBase"]
[SourceQuality "1"]

{[%evp 14,89,20,0,0,0,0,-15,-12,-43,0,0,16,5,23,-18,-6,-15,-16,-16,-10,-46,-8,-27,-10,-25,-22,-52,0,-8,-4,-16,-15,-10,-9,-25,0,0,14,0,4,4,4,3,2,2,2,0,0,0,0,0,0,0,0,-9,0,0,189,162,157,29,67,81,85,78,87,98,2091,72,63,36,44,39,55,75,80,-29993]} 1. d4 Nf6 2. Nf3 e6 3. Bf4 d5 4. e3 Be7 5. Bd3 O-O 6. h3 Nbd7 {D02: 1 d4 d5 2 Nf3 sidelines, including 2...Nf6 3 g3 and 2...Nf6 3 Bf4} (6... c5 7. c3 Re8 8. Nbd2 Nbd7 9. O-O Nf8 10. Qe2 N6d7 11. Bh2 Qb6 12. Rab1 Bd6 13. Bxd6 Qxd6 14. e4 dxe4 15. Nxe4 {1-0 (34) Vogel,R (2477)-Schneider,J (2261) Willingen 2017}) 7. Nbd2 c5 {[%cal Bc7c5,Bc5c4][%mdl 32]} 8. c3 {LiveBook: 3 Games} c4 {The position is equal.} 9. Bc2 b5 10. a3 Bb7 11. Qb1 $146 ({Predecessor:} 11. Qe2 a5 12. O-O b4 13. Ne5 b3 14. Bb1 Nxe5 15. dxe5 Nd7 16. e4 Nc5 {½-½ (16) Melashvili,N (2128)-Beltz,M (2097) Kamena Vourla 2012}) 11... Re8 12. Ne5 Nf8 13. O-O a5 14. Bh2 N6d7 15. e4 Nxe5 16. Bxe5 b4 17. Qe1 Bc6 18. Qe2 Qd7 19. exd5 exd5 {aiming for ...b3.} 20. Qf3 bxa3 21. bxa3 Bd6 22. Qg3 {[%csl Ge5][%cal Rg3g7]} Bxe5 23. dxe5 Ba4 24. Bd1 Bxd1 25. Rfxd1 {next Nxc4! is good for White.} Qc7 26. f4 {[%cal Bf2f4,Bf4f5,Bf5f6][%mdl 32]} Rad8 27. Nf3 Ne6 {[%cal Bf8e6,Be6c5,Bc5d3][%mdl 32]} 28. f5 Nc5 $1 {Threatens to win with ...f6!} 29. f6 {[%csl Gf6][%cal Rg3g7]} g6 30. Qf4 {Intending Qh6 and mate.} Nd3 31. Qh6 $40 {[%csl Gf6][%cal Rh6g7][%mdl 128] Black needs to defend precisely.} Qc5+ 32. Kh2 {[%csl Gf6][%cal Rh6g7]} Qf8 33. Qg5 Re6 34. Rab1 h6 35. Qg3 $1 Qxa3 $2 (35... Rde8 $11 {and Black has nothing to worry.}) 36. Nd4 $18 Ree8 37. Nc6 ({But not} 37. e6 $6 Qd6 $11) (37. Nf5 $16 Qf8 38. Rb7) 37... Rd7 ({Wrong is} 37... Qxc3 $2 38. Rdc1 $1 $16 {[%mdl 512]}) 38. Rb8 $1 Rxb8 39. Nxb8 Rb7 {[#]} 40. e6 $1 {[%cal Be5e6,Be6e7][%mdl 544] Strongly threatening Nd7.} Qb3 $2 {[%mdl 8192] [#]} (40... Qf8 $16) (40... fxe6 41. Rb1) 41. Rf1 $2 (41. Nd7 $1 $18 {[%mdl 512] and the rest is easy. White threatens e7! and mate.} Nf4 {[#]} 42. e7 $1 {[%mdl 512]} Rb8 43. Qxf4 g5 44. Qxb8+ Qxb8+ 45. Nxb8 Kh7 46. e8=Q) 41... Qb6 $16 42. e7 $1 {[%cal Re7e8]} Rxb8 {[#]} 43. Qxg6+ $1 {[%mdl 512]} fxg6 44. f7+ Kh7 45. Kg3 $2 {[%mdl 8192] Precision: White = 34%, Black = 35%.} (45. e8=Q $16 Qd6+ 46. g3) *